000 00745nam a2200277Ia 4500
001 96666
003 IT-RoPAU
008 130308s9999 xx 000 0 und d
040 _aIT-RoPAU
040 _cIT-RoPAU
041 _aITALIANO
100 _aGhelfi Dario
100 _gCodice Aut. SPICS: 33546
245 _aProgetti trasversali (I)
245 _bCitta' Educativa (La)-Verso un Sistema formativo Integrato
250 _a1a ed.
260 _aBOLOGNA
260 _bCappelli
260 _c1991 [1° Ed.:1991 - Ed.Ling.Originale:1991]
300 _a"6 p. (prefazione: no ; testo: 6 [pagine: 182-187])"
650 _aSAGGI DI URBANISTICA
650 _eCodice materia Spics: 5361
942 _cBK
957 _71
999 _c82170
_d82170
999 _g1